| 000 | 00475 a2200181 4500 | ||
|---|---|---|---|
| 999 |
_c534384 _d534384 |
||
| 003 | NUST | ||
| 005 | 20200218115736.0 | ||
| 008 | 200218b ||||| |||| 00| 0 eng d | ||
| 020 | _a9695190693 | ||
| 038 | _aMSOHAIL | ||
| 082 | _a704.948 | ||
| 100 |
_aBurckhardt,Titus. _928518 |
||
| 245 |
_aSacred Art in East and West. _cTitus Burckhardt. |
||
| 260 |
_aLahore. _bSuhail Academy. _c1967. |
||
| 300 | _a216p. | ||
| 500 | _aHardcover. | ||
| 942 |
_aNBS _cBK _k704.948 BUR _2ddc |
||